Datum a čas kvízu
28.5
Celkem bodů
Celkový počet nahraných bodů na tomto kvízu bez doplňovacích otázek.
7.
Pořadí na kvízu
Konečné umístění týmu na tomto kvízu.
Zaznamenané odpovědi
| # | Otázka | Odpověď | Body | Výsledky |
|---|---|---|---|---|
| 1. | Ti, kteří se pořádně zaměřili... | Bureši, čaú | 1 | |
| 2. | Tlaková níže a s ní spojené si... | Axel | 1 | |
| 3. | Režisér Quentin Tarantino, jeh... | Aby nezveřejňovali obsah filmu. | 0 | |
| 4. | Mobilní operátor Vodafone minu... | účtování hovorů po minutách | 1 | |
| 5. | V pondělí nás opustil Niki Lau... | Laudamotion, Niki | 0.5 | |
| 6. | Jakou barvu má pruh, který je... | černou | 0 | |
| 7. | Jaká barva kromě zelené a bílé... | žádná | 0 | |
| 8. | Na bolívijské vlajce je modrý... | D | 0 | |
| 9. | Slovinskou vlajku tvoří znak v... | prostřední | 0 | |
| 10. | Uveďte barvy pruhů na vlajce B... | černý, žlutý, červený | 1 |